| 000 | 00347nam a22001337a 4500 | ||
|---|---|---|---|
| 020 | _a8123911971 | ||
| 082 |
_222 _a621.3 |
||
| 100 | _aGopal, R. | ||
| 245 | _aProblems and solutions in power systems / | ||
| 250 | _aNA | ||
| 260 |
_aNew Delhi, _bCBS Publishers and distributors, _cc2008. |
||
| 300 |
_a325 p. ; _bill. ; _c24 cm. |
||
| 942 |
_2ddc _cEE _04 |
||
| 999 |
_c3583 _d3583 |
||